| 000 | 00369nam a2200157Ia 4500 | ||
|---|---|---|---|
| 003 | OSt | ||
| 008 | 191201s2004 xx 000 0 und d | ||
| 082 |
_a621.9 _bGRJ |
||
| 100 | _aGRANT, Hiram E | ||
| 245 | 0 | _aJigs and Fixtures Non-standard Clamping Devices | |
| 250 | _a21th | ||
| 260 |
_aN.Delhi _bTMH _c2004 |
||
| 300 | _a1615 | ||
| 650 | _aApplied | ||
| 942 |
_2ddc _cBK |
||
| 999 |
_c1596 _d1596 |
||